| 000 | 00868nam a2200301Ia 4500 | ||
|---|---|---|---|
| 001 | Para_5579 | ||
| 003 | CHAP | ||
| 008 | 220125s1996 xx 000 0 und d | ||
| 010 | _a204046 | ||
| 040 | _cCHAP | ||
| 082 | _aPA 632.58 R3 1996 | ||
| 100 |
_aRadosevich, Steven R. _993712 |
||
| 245 |
_aWeed ecology : _b implications for management / _c by Steven Radosevich, Jodie Holt and Caludio Ghersa |
||
| 250 | _a2 | ||
| 260 |
_aNew York : _b John Wiley and Sons. |
||
| 300 | _a589 p. | ||
| 650 |
_aMalas hierbas _x control _970011 |
||
| 650 |
_aMalas hierbas _x ecologĂa _970017 |
||
| 700 |
_aGhersa, Claudio _9170078 |
||
| 700 |
_aHolt, Jodie S. _956016 |
||
| 901 | _aPA 632.58 R3 1996 | ||
| 902 | _aA | ||
| 905 | _a0000001996 a 0000000000 00 | ||
| 910 | _a1996 | ||
| 942 | _cPARA | ||
| 942 |
_cPARA _d1 |
||
| 999 |
_c204046 _d204046 |
||